000 00352 a2200109 4500
001 ART_16885
005 20260410161718.0
008 260409a
245 1 0 _aLa prescripción de la acción para impugnar el acto administrativo
100 1 _aAberastury, Pedro
773 0 _tDerecho administrativo
_g- Nº 87 (mayo/jun. 2013)
_wREV1721
999 _c16745
_d16745